Modern Economics: (Record no. 200911)

MARC details
000 -LEADER
fixed length control field 00591nam a22001937a 4500
005 - DATE AND TIME OF LATEST TRANSACTION
control field 20240313145020.0
010 ## - LCCN (DPL NO)
LC control number ENG-139370
020 ## - INTERNATIONAL STANDARD BOOK NUMBER
Terms of availability 1299.00
International Standard Book Number 9789355011886
035 ## - SYSTEM CONTROL NUMBER
System control number EN-122902
037 ## - SOURCE OF ACQUISITION
Source of stock number/acquisition DBAD/PUB
082 ## - DEWEY DECIMAL CLASSIFICATION NUMBER
Classification number 330
100 ## - MAIN ENTRY--PERSONAL NAME
Personal name Ahuja,HL
245 ## - TITLE STATEMENT
Title Modern Economics:
Remainder of title An Analytical Study/
Statement of responsibility, etc By HL Ahuja
250 ## - EDITION STATEMENT
Edition statement 20
260 ## - PUBLICATION, DISTRIBUTION, ETC. (IMPRINT)
Place of publication, distribution, etc New Delhi
Name of publisher, distributor, etc S. Chand and company Ltd.
Date of publication, distribution, etc 2022
270 ## - ADDRESS
Address B-1 ,House No.D-1,Ground Floor,Mohan Cooperative Industrial Estate
City New DElhi
Postal code 110044
300 ## - PHYSICAL DESCRIPTION
Extent 912p.
Dimensions 25cm(hb)
942 ## - ADDED ENTRY ELEMENTS (KOHA)
Source of classification or shelving scheme Dewey Decimal Classification
Item type English Books
Call number suffix AHU
Classification part 330
Holdings
Withdrawn status Lost status Not for loan Collection code Home library Current library Date acquired Source of acquisition Cost, normal purchase price Full call number Barcode Cost, replacement price Koha item type
      Non-fiction Peshwa Road Peshwa Road 20/02/2024 DBAD/PUB 1299.00 AHU 330 EN-122902 1299.00 English Books

© Delhi Public Library
Hit Counter
free hit counter